Dutch Cities with a Football Club - Sudden Death - Statistics

General Stats
  • This quiz has been taken 62 times
    20 since last reset
  • The average score is 15 of 16
Answers on the Grid
Answers color-coded by a green-red scale on the quiz's grid according to % correct below.
Amsterdam
Rotterdam
The Hague
Utrecht
Eindhoven
Tilburg
Groningen
Almere Stad
Breda
Nijmegen
Enschede
Haarlem
Arnhem
Zaanstad
Amersfoort
Apeldoorn
's-Hertogenbosch
Hoofddorp
Maastricht
Leiden
Dordrecht
Zoetermeer
Zwolle
 
Answer Stats
Answer % Correct
Amsterdam
100%
Breda
100%
Eindhoven
100%
Groningen
100%
Nijmegen
100%
Rotterdam
100%
The Hague
100%
Utrecht
100%
Arnhem
93%
Enschede
93%
Almere Stad
87%
Tilburg
87%
Zwolle
87%
Dordrecht
73%
's-Hertogenbosch
73%
Maastricht
67%
No matching quizzes found
Score Distribution
Percent of People with Each Score
Percentile by Number Answered
Your Score History
You have not taken this quiz since the last reset